Statistics for CSGO S-Tier Tournaments 2023

Click here to take the quiz!

General Stats

  • This quiz has been taken 205 times
    (66 since last reset)
  • The average score is 73 of 122

Answer Stats

Answer% Correct
FaZe
94%
Vitality
94%
Navi
91%
ENCE
88%
G2
88%
Astralis
85%
MOUZ
85%
Heroic
82%
Cloud9
79%
Apeks
76%
broky
76%
GamerLegion
76%
karrigan
76%
rain
76%
ropz
76%
s1mple
76%
Twistzz
76%
ZywOo
76%
apEX
74%
b1t
74%
Complexity
74%
dupreeh
74%
dycha
74%
electroNic
74%
huNter-
74%
iM
74%
jks
74%
Liquid
74%
m0NESY
74%
Magisk
74%
NertZ
74%
NiKo
74%
Perfecto
74%
Snappi
74%
Spinx
74%
Aleksib
71%
Ax1Le
71%
Boombl4
71%
jL
71%
sh1ro
71%
siuhy
71%
SunPayus
71%
Virtus Pro
71%
cadiaN
68%
frozen
68%
HooXi
68%
jabbi
68%
NIP
68%
sjuush
68%
stavn
68%
acoR
65%
Brollan
65%
FURIA
65%
HObbit
65%
Maden
65%
Monte
65%
npl
65%
sdy
65%
TeSeS
65%
blameF
62%
EliGE
62%
flameZ
62%
Jame
62%
Jimpphat
62%
mezii
62%
w0nderful
62%
xertioN
62%
device
59%
FalleN
59%
fame
59%
gla1ve
59%
isak
59%
jkaem
59%
Keoz
59%
NAF
59%
torzsi
59%
hallzerk
56%
JT
56%
KSCERATO
56%
kyxsan
56%
nafany
56%
REZ
56%
Woro2k
56%
yuurih
56%
Buzz
53%
FL1T
53%
Grim
53%
k0nfig
53%
nawwk
53%
YEKINDAR
53%
arT
50%
br0
50%
hampus
50%
kRaSnaL
50%
mir
50%
n0rb3r7
50%
STYKO
50%
DemQQ
47%
floppy
47%
oSee
47%
Xyp9x
47%
buster
44%
dexter
44%
Imperial
44%
JDC
44%
Staehr
44%
b0RUP
41%
es3tag
41%
headtr1ck
41%
chelo
38%
nitr0
38%
boltz
32%
VINI
32%
Aurora
29%
VLDN
26%
KENSI
18%
JOTA
15%
Lack1
15%
Norwi
15%
SELLTER
15%
lattykk
12%
Nexius
12%

Score Distribution

Percentile by Number Answered

Percent of People with Each Score

Your Score History

You have not taken this quiz since the last reset